Pokémon - Les attaques de Hariyama - Statistiques

Statistiques générales
  • Ce quiz a été pris 22 fois
  • Le résultat moyen est 9 sur 18
Statistiques - réponses
Niveaux Types Noms des attaques % Correct
Départ Normal Charge
92%
Départ Niveau 7 Combat Cogne
83%
Niveau 46 Combat Close Combat
75%
Départ Niveau 4 Sol Jet de Sable
75%
Niveau 54 Acier Tacle Lourd
67%
Niveau 22 Combat Corps Perdu
58%
Niveau 26 Normal Cognobidon
50%
Niveau 50 Combat Contre
50%
Niveau 19 Ténèbres Sabotage
50%
Niveau 30 Normal Stimulant
50%
Niveau 13 Combat Forte-Paume
42%
Niveau 34 Combat Frappe Atlas
42%
Niveau 38 Combat Réveil Forcé
42%
Niveau 10 Normal Bluff
33%
Niveau 16 Normal Cyclone
33%
Départ Normal Puissance
33%
Départ Eau Saumure
17%
Niveau 42 Normal Ténacité
8%
Aucun quiz correspondant
Distribution des résultats
% des personnes avec chaque résultat
Percentile par nombre de réponses
Votre historique - résultats
Vous n’avez pas pris ce quiz